Desa Pingitan

Bibliographic Details
Main Author: Ibrahim Omar
Format: Book
Published: Kuala Lumpur : DBP , 1992
Subjects:

MARC

LEADER 00000cam a2200000 7i4500
001 0000007407
002 000007965
005 20000330.0
020 |a 9836227016 
090 0 0 |a F   |b IBR 
100 0 |a Ibrahim Omar 
245 1 0 |a Desa Pingitan   |c Ibrahim Omar 
260 |a Kuala Lumpur :   |b DBP ,   |c 1992 
300 |a 483p. ;   |c 20cm. 
650 0 0 |a Malay fiction 
999 |a 055121   |b BUKU   |c PINJAMAN   |e PERPUSTAKAAN KOMUNITI CAW KOTA DAMANSARA